Statistics for English Football Teams Starting With 'W'

Click here to take the quiz!

General Stats

  • This quiz has been taken 20 times
  • The average score is 6 of 8

Answer Stats

Answer% Correct
Wolverhampton Wanderers
90%
West Ham United
90%
West Bromwich Albion
85%
Wimbledon
80%
Wycombe Wanderers
75%
Watford
70%
Wigan Athletic
60%
Walsall
45%

Score Distribution

Percentile by Number Answered

Percent of People with Each Score

Your Score History

You have not taken this quiz